02196nam a2200301Ia 450000500170000000800410001704000440005804100080010208200140011010000330012424200990015724500860025624600130034226000840035530000290043950005780046850000140104650000600106050503840112050600210150454600210152565000480154665000520159470000340164670000320168085601020171285600800181420170801112204.0130821q14901500 fr 0 latsd aCo-BoUCMbspacSandra YazodSandra Yazo0 alat04a262.92201 aGratiandactive 12th century00aDecreto (de Graciano) con los comentarios de Bartolomé de Brescia y Juan el Teutónicoyspa11a[Decretum. Comm. Bartholomaeus Brixiensis et Johannes Semeca. et Sebastian Brant]28aDecretum a[Basel (Basilea, Suiza)?]b[Johannes Froben?]b[Sebastian Brant?]c[1490-1500?] a[482 folios]c22 x16 cm. aDetalles físicos: Sin encuadernación original, actualmente encuadernación rígida en pergamino. Tapas con roturas en los bordes. Ejemplar desencuadernado. Texto impreso en caracteres góticos de diferentes tamaños, en dos columnas enmarcado por los comentarios y en dos tintas. Apostillas marginales impresas. Mayúsculas capitales. Ejemplar mútilo, falta la portada, hojas al inicio y final de la obra, sin paginación o foliación. Subrayados y glosas marginales. Signaturas. Varias anotaciones manuscritas en los márgenes. Páginas sin numerar o foliar aIncunable aTítulo confirmado con la edición en línea de 14931 aDistinción 1 a 101: Temas sobre derecho natural, positivo y divino ; Las fuentes del derecho canónico ; Temas jurídicos sobre los Obispos y el Clero ; Temas sobre la penitencia ; 33 Causas o Cuestiones sobre diversos temas: Cargos eclesiásticos, duración, simonía, herejía ; Distinciones explicaciones sobre diversos temas: consagración de iglesias, eucarística aConsulta en sala aTexto en latín 7aDerecho canónicoxObras anteriores a 1800 7aDerecho eclesiásticoxObras anteriores a 18001 aBartolomeo, da Bresciac-12581 aJoannes, Teutonicusc-1245?41zDisponible en línea, edición de 1493uhttp://tudigit.ulb.tu-darmstadt.de/show/inc-ii-844/000141zDisponible en líneauhttp://repository.urosario.edu.co/handle/10336/11951